000 00301nam a22001337a 4500
008 170421b xxu||||| |||| 00| 0 eng d
020 _a9780674896666
041 _aeng
080 _a573
100 _a11
101 _aSHM
245 _aTOWARD A NEW PHILOSOPHY OF BIOLOGY
_cMAYR, E
942 _2udc
_cBK
999 _c11380
_d11380